000 00225nam a2200097Ia 4500
008 170619s9999 xx 000 0 und d
100 _aJames K L
245 4 _aThe Internet a User`s Guide
260 _bNew Delhi: PHI
260 _c2003
546 _aENGLISH
999 _c17739
_d17739